| 000 | 00000nam 2200000zi 4500 |
| 001 | 9.945654 |
| 003 | CaOODSP |
| 005 | 20250324131001 |
| 006 | m o d f |
| 007 | cr cn |||||||| |
| 008 | 241127s1970####oncao o f000 0|fre d |
| 040 | |aCaOODSP|bfre|erda|cCaOODSP |
| 041 | |afre|aeng |
| 043 | |an-cn--- |
| 086 | 1 |aCo22-488/1970-PDF |
| 245 | 04|aThe spectrum = |bLe spectre. |
| 246 | 11|aLe spectre |
| 264 | 1|aOttawa : |bMinistère des communications = Department of Communications, |c[1970]. |
| 300 | |a1 ressource en ligne (23 pages) : |billustrations, photographies |
| 336 | |atexte|btxt|2rdacontent/fre |
| 337 | |ainformatique|bc|2rdamedia/fre |
| 338 | |aressource en ligne|bcr|2rdacarrier/fre |
| 500 | |aÉdition numérisée de l'imprimée [par Direction des publications du gouvernement du Canada]. |
| 546 | |aTexte en français et en anglais côte à côte. |
| 650 | 6|aTélécommunications|zCanada. |
| 650 | 6|aRadio|zCanada. |
| 710 | 1 |aCanada. |bMinistère des communications, |eorganisme de publication. |
| 788 | |tThe spectrum = |eeng|w(CaOODSP)9.902425 |
| 856 | 40|qPDF|s5.35 Mo|uhttps://publications.gc.ca/collections/collection_2024/isde-ised/co22/Co22-488-1970.pdf |